000 00790nam a2200229Ii 4500
003 JO-AjNU
008 230605s9999||||xx |||||||||||||| ||und||
017 _a2013/2/451
020 _a978-9957-16-842-1
040 _aJO-AjNU
_bara
_erda
_cJO-AjNU
041 _aara
050 1 4 _aKMM174.5.Q3222.2014
100 3 _a القضاة، ياسين احمد ,
_eauthor
_950681
245 0 0 _aالدعوى المباشرة في القانون المدني " دراسة مقارنة "
250 _aط1
264 3 1 _aعمان : دار الثقافة ، 2014
300 _a256ص
336 _atext
_btxt
_2rdacontent
337 _aunmediated
_bn
_2rdamedia
338 _avolume
_bnc
_2rdacarrier
650 4 _aالقانون المدني -- القانون المقارن -- الأردن
_950682
999 _aA22340
_c25908
_d25908